[Event "Campo Grande Fabom op 2nd"]
[Site "Campo Grande"]
[Date "2021.04.29"]
[Round "4"]
[White "Monteiro Rosas, Ednilson"]
[Black "Marques, Aldemir"]
[Result "1-0"]
[WhiteElo "1632"]
[BlackElo "1445"]
[PlyCount "91"]
[EventDate "2021.04.08"]
[EventType "swiss"]
[EventRounds "6"]
[EventCountry "BRA"]
[SourceTitle "EXT 2022"]
[Source "ChessBase"]
[SourceDate "2021.10.06"]
[SourceVersion "1"]
[SourceVersionDate "2021.10.06"]
[SourceQuality "1"]

1. Nf3 d5 2. c4 d4 3. d3 c5 4. e3 Nc6 5. exd4 cxd4 6. Be2 e5 7. Bg5 Qa5+ 8. Nbd2 Bg4 9. 0-0 Nge7 10. h3 Bh5 11. Bxe7 Bxe7 12. Nxe5 Bxe2 13. Nxc6 bxc6 14. Qxe2 c5 15. Rfe1 Qc7 16. Qe5 Qxe5 17. Rxe5 Rc8 18. Rae1 Rc7 19. Nb3 f6 20. Re6 Kf7 21. Na5 Re8 22. Nc6 a6 23. Kf1 a5 24. Nxa5 Ra8 25. Nc6 Bf8 26. a3 Rb7 27. R1e2 Rb3 28. f4 Rxd3 29. f5 Rg3 30. Kf2 Rb3 31. Ne7 Re8 32. Nd5 d3 33. Rxe8 dxe2 34. Rxe2 Bd6 35. Ne3 Be5 36. Nd1 Ke7 37. Ke1 Kd7 38. Kd2 Bxb2 39. Kc2 Rb6 40. Nxb2 g6 41. g4 g5 42. Rd2+ Kc7 43. Rd5 Kc6 44. Nd3 Ra6 45. Rxc5+ Kb6 46. Kb3 1-0

[Event "Campo Grande Fabom op 2nd"]
[Site "Campo Grande"]
[Date "2021.04.15"]
[Round "2"]
[White "Monteiro Rosas, Ednilson"]
[Black "Taina de Santanna, Lemos"]
[Result "1-0"]
[WhiteElo "1632"]
[BlackElo "1216"]
[PlyCount "69"]
[EventDate "2021.04.08"]
[EventType "swiss"]
[EventRounds "6"]
[EventCountry "BRA"]
[SourceTitle "EXT 2022"]
[Source "ChessBase"]
[SourceDate "2021.10.06"]
[SourceVersion "1"]
[SourceVersionDate "2021.10.06"]
[SourceQuality "1"]

1. Nf3 Nf6 2. c4 e6 3. d4 d5 4. Bg5 Be7 5. e3 Nbd7 6. cxd5 exd5 7. Bd3 0-0 8. 0-0 h6 9. Bh4 c5 10. Nbd2 b6 11. Rc1 Bb7 12. Re1 Rc8 13. e4 dxe4 14. Nxe4 Re8 15. Nxf6+ Nxf6 16. Bf5 Rc7 17. Bg3 Bd6 18. dxc5 Bxg3 19. Rxe8+ Qxe8 20. hxg3 bxc5 21. b4 c4 22. Rc3 Re7 23. Rxc4 Bxf3 24. Qxf3 Re1+ 25. Kh2 g6 26. Bxg6 fxg6 27. Qxf6 Re6 28. Qc3 Qf7 29. Rc7 Qf6 30. Qxf6 Rxf6 31. Rxa7 Rxf2 32. a4 Kf8 33. b5 Ke8 34. b6 Kd8 35. Ra8+ 1-0

[Event "Rio de Janeiro CXFabom op 1st"]
[Site "Rio de Janeiro"]
[Date "2021.03.25"]
[Round "6"]
[White "Monteiro Rosas, Ednilson"]
[Black "Garcia, Claudio de Oliveira"]
[Result "1-0"]
[WhiteElo "1627"]
[BlackElo "1505"]
[PlyCount "81"]
[EventDate "2021.02.18"]
[EventType "swiss"]
[EventRounds "6"]
[EventCountry "BRA"]
[SourceTitle "EXT 2022"]
[Source "ChessBase"]
[SourceDate "2021.10.06"]
[SourceVersion "1"]
[SourceVersionDate "2021.10.06"]
[SourceQuality "1"]

1. Nf3 c6 2. c4 e6 3. d4 f5 4. Nc3 Nf6 5. Bg5 Be7 6. e3 d5 7. cxd5 exd5 8. Be2 0-0 9. 0-0 Ne4 10. Bxe7 Qxe7 11. a3 g5 12. Ne5 Nd7 13. f4 g4 14. Nxe4 dxe4 15. Rc1 Nf6 16. Bc4+ Be6 17. Qb3 Nd5 18. Bxd5 Bxd5 19. Qc2 Rac8 20. Qf2 Kg7 21. Rc3 h5 22. g3 Rh8 23. h4 gxh3 24. Kh2 Rcg8 25. Rg1 Kf8 26. Rcc1 h4 27. g4 fxg4 28. Rxg4 Rxg4 29. Nxg4 Be6 30. Ne5 Bf5 31. Rg1 Qh7 32. Rg5 Rg8 33. Qg1 Rxg5 34. Qxg5 Ke8 35. Nc4 Kd7 36. Ne5+ Kc7 37. b4 Kb6 38. a4 Ka6 39. Qd8 b6 40. Nxc6 Qg7 41. b5+ 1-0

[Event "Bombeiros Fabom op 1st"]
[Site "Bombeiros"]
[Date "2020.02.29"]
[Round "3"]
[White "Da Silva Espinola, Leandro"]
[Black "Monteiro Rosas, Ednilson"]
[Result "1-0"]
[WhiteElo "1850"]
[BlackElo "1627"]
[PlyCount "61"]
[EventDate "2020.02.13"]
[EventType "swiss"]
[EventRounds "6"]
[EventCountry "BRA"]
[SourceTitle "EXT 2021"]
[Source "ChessBase"]
[SourceDate "2020.10.23"]
[SourceVersion "1"]
[SourceVersionDate "2020.10.23"]
[SourceQuality "1"]

1. e4 c5 2. c3 e5 3. d4 cxd4 4. cxd4 exd4 5. Nf3 Nc6 6. Nxd4 Nf6 7. Nxc6 bxc6 8. Bd3 Bb4+ 9. Nc3 0-0 10. 0-0 Bxc3 11. bxc3 Re8 12. Re1 Qa5 13. Bd2 Qe5 14. h3 Bb7 15. Rb1 Rab8 16. Qc2 Ba8 17. f4 Qh5 18. c4 Qh4 19. e5 Nh5 20. Rf1 g6 21. Be1 Qe7 22. Rxb8 Rxb8 23. c5 f5 24. exf6 Qxf6 25. Bc4+ Kf8 26. Bc3 Qf5 27. Qf2 Qe4 28. Bb3 Re8 29. Be5 Bb7 30. Re1 Qb4 31. Bd6+ 1-0